|
|
|
|
| LEADER |
01203nam a2200241 a 4500 |
| 001 |
16516 |
| 003 |
BD-DhAAL |
| 008 |
100328s2005 bg a b 000 0 eng d |
| 040 |
|
|
|a BD-DhAAL
|c BD-DhAAL
|
| 082 |
0 |
0 |
|a 380.50680954922
|2 22
|
| 245 |
1 |
0 |
|a Strategic transport plan for Dhaka :
|b final report.
|
| 260 |
|
|
|a Dhaka :
|b The Louis Berger Group, Inc. ;
|b Bangladesh Consultants Ltd.,
|c 2005.
|
| 300 |
|
|
|a 1 v. (various pagings) :
|b illustrations ;
|c 29 cm
|
| 504 |
|
|
|a Includes bibliographical references.
|
| 526 |
|
|
|a ARC
|x Yasmin ARA
Faculty member of Architecture (ARC)
Course Title and No. : N/A
|
| 541 |
1 |
|
|e 16516
|a J & J Books
|
| 650 |
|
0 |
|a Transportation
|x Planning
|z Bangladesh.
|9 57277
|
| 710 |
2 |
|
|a Government of the people's Republic of Bangladesh.
|b Ministry of Communication.
|9 57278
|
| 710 |
2 |
|
|a Dhaka Transport Co-ordination Board.
|9 57279
|
| 852 |
4 |
|
|a Ayesha Abed Library
|c General Stacks
|
| 942 |
|
|
|2 ddc
|c BK
|
| 999 |
|
|
|c 7892
|d 7892
|
| 952 |
|
|
|0 0
|1 0
|2 ddc
|4 1
|6 380_500000000000000_0680954922_STR_2005
|7 0
|9 8827
|a BRACUL
|b BRACUL
|c SPS
|d 2010-03-28
|e J & J Books
|l 2
|m 11
|o 380.50680954922 STR
|p 3010016516
|r 2015-02-28
|s 2012-09-04
|t 1
|w 2010-03-28
|y BK
|x Requisitioned by Yasmin Ara, Faculty member of Architecture (ARC).
|